Plant physiology reports : (Record no. 165017)

MARC details
000 -LEADER
fixed length control field 00589nas a22001937a 4500
005 - DATE AND TIME OF LATEST TRANSACTION
control field 20190603123621.0
006 - FIXED-LENGTH DATA ELEMENTS--ADDITIONAL MATERIAL CHARACTERISTICS--GENERAL INFORMATION
fixed length control field a|||||r|||| 00| 0
007 - PHYSICAL DESCRIPTION FIXED FIELD--GENERAL INFORMATION
fixed length control field ta
008 - FIXED-LENGTH DATA ELEMENTS--GENERAL INFORMATION
fixed length control field 140904b xxu||||| |||| 00| 0 eng d
022 ## - INTERNATIONAL STANDARD SERIAL NUMBER
International Standard Serial Number 2662--253X
082 ## - DEWEY DECIMAL CLASSIFICATION NUMBER
Classification number 580
245 ## - TITLE STATEMENT
Title Plant physiology reports :
Remainder of title formerly indian journal of plant physiology
260 ## - PUBLICATION, DISTRIBUTION, ETC. (IMPRINT)
Place of publication, distribution, etc New Delhi
Name of publisher, distributor, etc Springer India
Date of publication, distribution, etc 2019-
300 ## - PHYSICAL DESCRIPTION
Extent v.
Dimensions 28 cm (pbk)
310 ## - CURRENT PUBLICATION FREQUENCY
Current publication frequency Quarterly
650 ## - SUBJECT ADDED ENTRY--TOPICAL TERM
Topical term or geographic name as entry element Plant physiology
270 ## - ADDRESS
Address 19 Babar Lane Bengali Market
City New Delhi
Postal code 110001
Country India
942 ## - ADDED ENTRY ELEMENTS (KOHA)
Source of classification or shelving scheme Dewey Decimal Classification
Item type Periodicals
Serial record 1
Classification part 580
Call number suffix PLA
Holdings
Withdrawn status Lost status Source of classification or shelving scheme Damaged status Not for loan Collection code Home library Current library Date acquired Source of acquisition Total Checkouts Full call number Date last seen Price effective from Koha item type
    Dewey Decimal Classification   Not For Loan Non-fiction D.B.Act.Division D.B.Act.Division 03/06/2019 DBAD/PUB   580 PLA 03/06/2019 03/06/2019 Periodicals

© Delhi Public Library
Hit Counter
free hit counter